000 00194 a2200097 4500
020 _a9780984881031
041 _aeng
100 _aHickey, Frank
245 _aBrownstone kidnap crackup
942 _cBK
999 _c8301
_d8301